Tiếng Trung trong bán hàng, mua sắm
Tài liệu là cẩm nang quan trọng và hữu ích đối với những ai muốn nói thành thạo tiếng Trung trong giao tiếp bán hàng, hay khi đi mua sắm. Đặc biệt cuốn sách này có thể được coi là giáo trình khẩu ngữ, là cẩm nang giúp bạn đọc nâng cao vốn t...
Enregistré dans:
| Auteur principal: | |
|---|---|
| Format: | Livre |
| Langue: | Undetermined |
| Publié: |
Thành phố Hồ Chí Minh
Hồng Đức
2009
|
| Sujets: | |
| Tags: |
Ajouter un tag
Pas de tags, Soyez le premier à ajouter un tag!
|
| Thư viện lưu trữ: | Trung tâm Học liệu Trường Đại học Cần Thơ |
|---|
| LEADER | 01010nam a2200205Ia 4500 | ||
|---|---|---|---|
| 001 | CTU_194645 | ||
| 008 | 210402s9999 xx 000 0 und d | ||
| 082 | |a 495.1 | ||
| 082 | |b Th107 | ||
| 100 | |a Thanh Hà | ||
| 245 | 0 | |a Tiếng Trung trong bán hàng, mua sắm | |
| 245 | 0 | |c Thanh Hà | |
| 260 | |a Thành phố Hồ Chí Minh | ||
| 260 | |b Hồng Đức | ||
| 260 | |c 2009 | ||
| 520 | |a Tài liệu là cẩm nang quan trọng và hữu ích đối với những ai muốn nói thành thạo tiếng Trung trong giao tiếp bán hàng, hay khi đi mua sắm. Đặc biệt cuốn sách này có thể được coi là giáo trình khẩu ngữ, là cẩm nang giúp bạn đọc nâng cao vốn từ vựng cơ bản, cấu trúc ngữ pháp, khả năng thực hành. | ||
| 650 | |a Chinese language,Tiếng Hoa | ||
| 904 | |i QHieu | ||
| 915 | |a 400 | ||
| 980 | |a Trung tâm Học liệu Trường Đại học Cần Thơ | ||